00318nam a2200121Ia 4500008004100000041000800041082001700049100001800066245004500084260002900129300003100158365000700189240624s9999 xx 000 0 und d aeng a658.4012 PAT aPATEL KETAN J aMASTER STRATEGIST POWER PURPOSE AND PRIN c2005aLondonbHutchinson axii, : 240 : p. : cm. ; 22 cRS